Management today: Managing work in organizations (Record no. 33398)

MARC details
000 -LEADER
fixed length control field 00321nam a2200121Ia 4500
082 ## - DEWEY DECIMAL CLASSIFICATION NUMBER
Classification number 065
Item number ATC
100 ## - MAIN ENTRY--AUTHOR NAME
Personal name Hill, Thomas J
245 #0 - TITLE STATEMENT
Title Management today: Managing work in organizations
260 ## - PUBLICATION, DISTRIBUTION, ETC. (IMPRINT)
Place of publication New York
Name of publisher Harcourt Bruce
Year of publication 1978
700 ## - ADDED ENTRY--PERSONAL NAME
Personal name Winston W
942 ## - ADDED ENTRY ELEMENTS (KOHA)
Koha item type Books
Holdings
Withdrawn status Lost status Damaged status Not for loan Home library Current library Date acquired Cost, normal purchase price Full call number Accession Number Koha item type
        RRII Library RRII Library 16/12/2021 15.95 065 ATC 13896 Books